000 00646nam a2200265Ia 4500
005 20260121142422.0
008 008 260114s9999 xx 000 0 eng d
020 _a9789389404463
037 _aEBOOK
040 _aCRL
040 _beng
040 _cCRL
041 _2eng
041 _aeng
084 _qCRL
100 _aAmrita Bora
_9996244
245 0 _aSocial Vision of Mahatma Gandhi
260 _bPeridot Literary Books
260 _bToday and Tomorrow
260 _c2019
856 _uhttps://asapglobe.com/Search.aspx?q=9789389404463&type=keyword
942 _cEBOOK
999 _c1563453
_d1563453